00425cam a2200145Ia 4500020001500000040000800015082002600023100002700049245007000076246002200146260003700168300002900205650002300234700002200257 a0801674913 cUIB a547 MOS 1996 A033 Or.1 aSkonieczny, Stanislaw.10aStudy guide and solutions manual to accompany organic chemistry /30aOrganic chemistry aSt. Louis, Mo. :bMosby,cc1996. a905 p. ;bill. ;c26 cm. 0aChemistry, Organic1 aSchmid, George H.